000 00788cam a2200253 a 4500
999 _c6247
_d6247
001 6247
003 BD-JhCC
005 20180117183828.0
008 870401s1959 enk 000 0 eng d
035 _a(BD-JhCC)6247
035 _a2332073
040 _aANL
_cANL
_dABN-SNR
_dBD-JhCC
041 _aeng
082 0 4 _a398.209494
_bMUL 1959
100 1 _aMuller-Guggenbuhl, Fritz,
_d1922-
245 1 0 _aSwiss-Alpine folk-tales /
_cre-told by Fritz Muller-Guggenbuhl ; Translated by Katharine Potts ; Illustrated by Joan Kiddell-Monroe.
260 _aLondon :
_bOxford University Press,
_c1959.
300 _billus.
_a224 p. :
_c23 cm.
490 0 _aOxford myths and legends
650 0 _aTales
_zSwitzerland.
650 0 _aLegends
_zSwitzerland.
942 _2ddc
_cBK